The Muppet movie /
Kermit and Fozzie travel to Hollywood to hit it big as stars. They're joined on the way by Miss Piggy and numerous other familiar faces.
| Corporate Authors: | , , , |
|---|---|
| Other Authors: | , , , , , , , , , |
| Format: | Video DVD |
| Language: | English French |
| Language Notes: | Closed-captioned. In English or French dialogue. |
| Published: |
Burbank, CA :
Walt Disney Home Entertainment :
[2005]
|
| Edition: | 50th anniversary ed. |
| Subjects: |
MARC
| Tag | First Indicator | Second Indicator | Subfields |
|---|---|---|---|
| LEADER | 00000cgm a2200000Ia 4500 | ||
| 001 | in00002467334 | ||
| 005 | 20151110041101.0 | ||
| 007 | vd cvaizq | ||
| 008 | 050830s2005 cau096 g vleng d | ||
| 020 | |a 0788860119 | ||
| 020 | |a 9780788860119 | ||
| 024 | 1 | |a 786936287769 | |
| 028 | 4 | 2 | |a 40547 |b Walt Disney Home Entertainment |
| 029 | 1 | |a NZ1 |b 10886989 | |
| 029 | 1 | |a NZ1 |b 12594923 | |
| 035 | |a (OCoLC)ocm61390618 | ||
| 035 | |a (OCoLC)61390618 | ||
| 037 | |b Midwest Tapes |n http://www.midwesttapes.com | ||
| 040 | |a TEFMT |c TEFMT |d RCS |d VP@ |d LEO |d RCS |d EHH |d BTCTA |d RCS |d OCLCQ |d EHH |d UtOrBLW | ||
| 041 | 1 | |a eng |a fre |j eng |h eng | |
| 049 | |a TXAM | ||
| 082 | 0 | 4 | |a 791.43/72 |2 22 |
| 090 | |a PN1997 |b .M86 2005 | ||
| 245 | 0 | 4 | |a The Muppet movie / |c Henson Associates ; Incorporated Television Company ; producer, Jim Henson ; written by Jack Burns & Jerry Juhl ; directed by James Frawley. |
| 250 | |a 50th anniversary ed. | ||
| 264 | 1 | |a Burbank, CA : |b Walt Disney Home Entertainment : |c [2005] | |
| 264 | 2 | |a Burbank, CA : |b Distributed by Buena Vista Home Entertainment, | |
| 300 | |a 1 videodisc (approximately 96 min.) : |b sound, color ; |c 4 3/4 in. | ||
| 336 | |a two-dimensional moving image |b tdi |2 rdacontent | ||
| 337 | |a video |b v |2 rdamedia | ||
| 338 | |a videodisc |b vd |2 rdacarrier | ||
| 538 | |a DVD; region 1; NTSC; widescreen (1.85:1) enhanced for 16x9 televisions and full screen (1.33:1) presentation; Dolby Digital. | ||
| 546 | |a Closed-captioned. In English or French dialogue. | ||
| 500 | |a Title from container. | ||
| 511 | 1 | |a Charles Durning, Austin Pendleton. | |
| 511 | 0 | |a Voices: Jim Henson, Frank Oz, Richard Hunt, Jerry Nelson, Dave Goelz. | |
| 508 | |a Director of photography, Isidore Mankofsky ; music, Kenny Ascher, Ian Freebairn-Smith, Paul Williams. | ||
| 500 | |a Originally released as a motion picture in 1979. | ||
| 521 | 8 | |a MPAA rating: Not rated. | |
| 520 | |a Kermit and Fozzie travel to Hollywood to hit it big as stars. They're joined on the way by Miss Piggy and numerous other familiar faces. | ||
| 500 | |a Videorecording. | ||
| 650 | 0 | |a Muppets (Fictitious characters) |v Drama. | |
| 600 | 0 | |a Kermit, |c the Frog |v Drama. | |
| 650 | 1 | |a Muppets (Fictitious characters) |v Drama. | |
| 650 | 1 | |a Kermit the Frog (Fictitious character) |v Drama. | |
| 655 | 7 | |a Puppet films. |2 lcgft | |
| 655 | 7 | |a Children's films. |2 lcgft | |
| 655 | 7 | |a Feature films. |2 lcgft | |
| 655 | 7 | |a Video recordings for the hearing impaired. |2 lcgft | |
| 655 | 7 | |a Musical films. |2 lcgft | |
| 700 | 1 | |a Frawley, James. | |
| 700 | 1 | |a Burns, Jack. | |
| 700 | 1 | |a Juhl, Jerry. | |
| 700 | 1 | |a Durning, Charles, |d 1923-2012. | |
| 700 | 1 | |a Pendleton, Austin. | |
| 700 | 1 | |a Henson, Jim. | |
| 700 | 1 | |a Oz, Frank. | |
| 700 | 1 | |a Hunt, Richard, |d 1951-1992. | |
| 700 | 1 | |a Nelson, Jerry, |d 1934-2012. | |
| 700 | 1 | |a Goelz, Dave. | |
| 710 | 2 | |a Henson Associates. | |
| 710 | 2 | |a Incorporated Television Company. | |
| 710 | 2 | |a Walt Disney Home Entertainment (Firm) | |
| 710 | 2 | |a Buena Vista Home Entertainment (Firm) | |
| 938 | |a Baker and Taylor |b BTCP |n be2005022972 | ||
| 994 | |a C0 |b TXA | ||
| 948 | |a cataloged |b h |c 2009/1/15 |d c |e blrosas |f 12:47:17 pm | ||
| 999 | |a MARS | ||
| 999 | f | f | |s bc9e8306-c740-3aaa-af61-abe3e5a01929 |i e50a1202-c1ea-37cc-a391-5fc94ef3671c |t 0 |
| 952 | f | f | |p dvd |a Texas A&M University |b College Station |c Sterling C. Evans Library |s Evans Media and Reserves |d Evans: Media and Reserves (Annex 1st floor) |t 0 |e PN1997 .M86 2005 |h Library of Congress classification |i video -- videodisc |m A14837548379 |
| 998 | f | f | |a PN1997 .M86 2005 |t 0 |l Evans: Media and Reserves (Annex 1st floor) |